Pays qui commencent par la lettre R - Statistiques

Statistiques générales
  • Ce quiz a été pris 1 014 fois
    856 depuis la dernière actualisation
  • Le résultat moyen est 5 sur 7
Statistiques - réponses
Continent Pays % Correct
Europe Roumanie
94%
Afrique Rwanda
93%
Europe Russie
85%
Europe Royaume-Uni
61%
Europe République Tchèque
60%
Amérique République Dominicaine
53%
Afrique République du Congo
51%
Aucun quiz correspondant
Distribution des résultats
% des personnes avec chaque résultat
Percentile par nombre de réponses
Votre historique - résultats
Vous n’avez pas pris ce quiz depuis la dernière actualisation